[Event "POL-chT U19 Wielkopolskie"]
[Site "Poland"]
[Date "2016.04.02"]
[Round "5.1"]
[White "Lapot, Arkadiusz"]
[Black "Adamczewski, Maciej"]
[Result "0-1"]
[WhiteElo "1417"]
[BlackElo "1949"]
[PlyCount "42"]
[EventDate "2016.02.13"]
[EventType "team-tourn"]
[EventRounds "9"]
[EventCountry "POL"]
[SourceTitle "EXT 2019"]
[Source "ChessBase"]
[SourceDate "2018.10.10"]
[SourceVersion "1"]
[SourceVersionDate "2018.10.10"]
[SourceQuality "1"]

1. f4 g6 2. Nf3 Bg7 3. e3 d6 4. c3 Nf6 5. d3 0-0 6. Be2 d5 7. Nbd2 Nc6 8. b4 a6 9. Bb2 Ng4 10. Nf1 Nxb4 11. h3 Nh6 12. Qb3 Nc6 13. g4 e5 14. g5 Nf5 15. e4 dxe4 16. dxe4 Nd6 17. fxe5 Nxe5 18. h4 Nxe4 19. Rd1 Qe7 20. N1d2 Ng3 21. Rh2 Nd3# 0-1